Ahol csak a lelkesedés és a szorgalom a régi - húsz év alatt megújult Csicsó

Bibliographic Details
Main Author: Sárközi, János (Author)
Format: Article
Language:Hungarian
PhysicalDescription:Fotografie
ISSN:1336-3638
Subjects:

MARC

LEADER 00000nab a2200000 4500
001 vtls012148158
003 SK-MaSNL
005 20260318140511.0
008 220908|2022 xo |||| || ||00 0|hun
015 |a SNBRB2022/09 
040 |a DSZK  |b slo  |c DSZK  |e rda 
041 |a hun 
043 |a e-xo--- 
044 |a xo  |c SK 
072 7 |a 71  |x Územné plánovanie. Urbanizmus. Pamiatková starostlivosť  |2 konspekt 
072 7 |a 352/354  |x Stupne miestnej, oblastnej a ústrednej správy  |2 konspekt 
080 |a 711.437  |2 2011 
080 |a 352  |2 2011 
100 1 |a Sárközi, János  |4 aut  |9 374303 
245 1 0 |a Ahol csak a lelkesedés és a szorgalom a régi - húsz év alatt megújult Csicsó  |c Sárközi János 
300 |b Fotografie 
336 |a text  |b txt  |2 rdacontent 
337 |a bez média  |b n  |2 rdamedia 
338 |a zväzok  |b nc  |2 rdacarrier 
650 0 7 |a rozvoj obcí  |2 SNKPH  |9 74207 
650 0 7 |a obce  |2 SNKPH  |9 2935 
651 7 |a Číčov (Slovensko)  |2 SNKPHgeo  |9 90716 
773 0 |t Csallóköz  |g Évf. 61, sz. 36 (2022), o. 10-13  |x 1336-3638 
852 |a DSZK  |b KIS3GCP 
958 |a SK 
958 |a HU 
958 |a RG 
999 |c 1834208  |d 1836138